000 00493nam a2200169Ia 4500
999 _c28913
_d28913
003 OSt
005 20201202105141.0
008 190216s9999||||xx |||||||||||||| ||und||
040 _coclc
082 _a894.8124
_bSUJ/M
100 _aSujanapal, A
_97120
245 0 _aMaranam Kathukidakkunna Kandalkkadukal /
_cA Sujanapal
260 _bHaritham Books,
_aKozhikode:
_c2005.
300 _a50p
650 _aLekhanam
942 _cBK
_2ddc
_h894.8124
_iSUJ/M
_k894.8124
_mSUJ/M